Random Trivia 3 - Statistics

General Stats
  • This quiz has been taken 21 times
  • The average score is 6 of 10
Answer Stats
Question Answer % Correct
Which of the following conditions is characterized by a decrease in bone density, increasing the risk of fractures? Osteoporosis
95%
What is the national animal of Scotland? Unicorn
95%
Where would you find a Stalagmite? Cave
90%
What auto manufacturer produces the F150? Ford
75%
Who was NOT a main Axis leader in World War 2? Joseph Stalin
55%
Which of the following movies did not feature Mark Wahlberg? American Sniper
50%
Which band produced the album “Enema Of The State”? Blink 182
50%
Which NFL team plays their home games at Lincoln Financial Field? Philadelphia Eagles
50%
Which of the four main islands of Japan is situated the farthest to the north? Hokkaido
45%
What does the D stand for in “D-Day” Day
20%
No matching quizzes found
Score Distribution
Percent of People with Each Score
Percentile by Number Answered
Your Score History
You have not taken this quiz